Sistemas de prevención de lavados de activos y de financiacion del terrorismo / (Registro nro. 29945)

Detalles MARC
000 -LEADER
fixed length control field 00790nam a2200217Ia 4500
003 - CONTROL NUMBER IDENTIFIER
control field CO-CtgCURN
005 - DATE AND TIME OF LATEST TRANSACTION
control field 20250410160417.0
008 - FIXED-LENGTH DATA ELEMENTS--GENERAL INFORMATION
fixed length control field 190724s9999 xx 000 0 und d
020 ## - INTERNATIONAL STANDARD BOOK NUMBER
International Standard Book Number 9789586539081
040 ## - CATALOGING SOURCE
Original cataloging agency CO-CtgCURN
Language of cataloging spa
Transcribing agency coctgcurn
082 ## - DEWEY DECIMAL CLASSIFICATION NUMBER
Classification number 364.168
Item number S618s
100 ## - MAIN ENTRY--PERSONAL NAME
Personal name Sintura, Francisco
245 #0 - TITLE STATEMENT
Title Sistemas de prevención de lavados de activos y de financiacion del terrorismo /
Statement of responsibility, etc. Francisco Sintura, Wilson Martínez y Fernando Quintana
260 ## - PUBLICATION, DISTRIBUTION, ETC.
Place of publication, distribution, etc. Bogotá, Colombia :
Name of publisher, distributor, etc. Legis,
Date of publication, distribution, etc. 2011
300 ## - PHYSICAL DESCRIPTION
Extent 407 páginas ;
Dimensions 23 centímetros
521 ## - TARGET AUDIENCE NOTE
Target audience note AREA PROFESIONAL
590 ## - LOCAL NOTE (RLIN)
Local note Programa de Derecho_18
650 ## - SUBJECT ADDED ENTRY--TOPICAL TERM
Topical term or geographic name entry element Lavado de dinero
942 ## - ADDED ENTRY ELEMENTS (KOHA)
Koha item type Libros
Classification part 364.168
Item part S618s
Source of classification or shelving scheme Dewey Decimal Classification
Suppress in OPAC No
Existencias
Withdrawn status Lost status Damaged status Not for loan Collection Home library Current library Shelving location Date acquired Inventory number Total checkouts Full call number Barcode Date last seen Copy number Price effective from Koha item type
          Miguel Henríquez Castañeda Barranquilla Miguel Henríquez Castañeda Barranquilla General 05/23/2018 03622   364.168 S618s 03622 07/25/2019 ej.1 07/25/2019 Libros